| 000 | 01122 a2200229 4500 | ||
|---|---|---|---|
| 001 | 45043 | ||
| 005 | 20260407155725.0 | ||
| 008 | 260407a2012 arg spa d | ||
| 003 | AR-UNSa-BCEJYS | ||
| 040 |
_aAR-UNSa-BCEJYS _bspa _cAR-UNSa-BCEJYS |
||
| 080 |
_a614 _xHigiene y salud pública. Prevención de accidentes |
||
| 245 | 1 | 0 |
_aMedición del gasto en SIDA (MEGAS) en la Argentina _pmatriz de financiamiento público e internacional 2006-2009 |
| 020 | _a978-92-806-4580-4 | ||
| 264 | 1 |
_aBuenos Aires : _bUNICEF _c2012 |
|
| 300 |
_a133 p. _c20 cm. |
||
| 505 | _a 1. Caracterización del Sistema de Salud en la Argentina – 2. El VIH/SIDA en la Argentina – 3. Principales aspectos metodológicos – 4. La medición del gasto en VIH/SIDA en Argentina – 5. Los niños y la problemática del VIH/SIDA en la Argentina – 6. La medición del gasto en VIH/SIDA en la Argentina dirigido a la niñez – 7. Consideraciones finales. | ||
| 041 | _aspa | ||
| 942 | _cBK | ||
| 590 | _aniveau_biblio:m niveau_hierar:0 | ||
| 100 | 1 | _aUNICEF | |
| 700 | 1 | _aPrograma Conjunto de las Naciones Unidas sobre VIH/SIDA (ONUSIDA) | |
| 999 |
_c3894 _d3894 |
||